00518nam a2200181Ia 4500008004100000082001400041100001600055245001500071250000600086260003400092300001800126500002400144650001200168700003600180942000700216952009600223999001700319230524s9999 xx 000 0 und d a5.43bCHH aT.N.Chhabra 0aE-Commerce a2 aNew DelhibDhanpati Raic2011 a"XII,R1.R8p;" aQuantity Number: 1 aComp-Sc a"R.K.Suri, Sanjiv Verma"941985 cBK 00104070aTATCLbTATCLcGENd2023-05-24l0o005.43 CHHp53843r2023-05-24w2023-05-24yBK c56401d56401